| 000 | 00638nam a2200181 i 4500 | ||
|---|---|---|---|
| 001 | 60349 | ||
| 003 | ES-MaACL | ||
| 005 | 20231227175043.0 | ||
| 007 | t| | ||
| 008 | 031104s1971 sp ||||1| spa d | ||
| 100 | 1 |
_aEspí Valdés, Adrián. _947819 |
|
| 245 | 1 | 0 |
_aVida y obra del pintor Gisbert / _cAdrián Espí Valdés ; prólogo Marqués de Lozoya. |
| 260 |
_aValencia : _bInstitución Alfonso el Magnánimo, _c1971. |
||
| 300 |
_a179 p., 32 lám. ; _c24 cm. |
||
| 700 | 1 |
_aLozoya, Juan de Contreras y López de Ayala, _cMarqués de, _d1893-1978 _9129112 |
|
| 852 |
_aES-MaACL _jC-37805 _bR.75987 |
||
| 999 |
_c60349 _d60349 |
||